000 00376nam a22001577a 4500
003 SGT
020 _a978-0-85711-0-626
082 _a615.4
_bR12A
100 _aALLEN, LOYD. V ,ED
245 _aREMINGTON : THE SCIENCE AND PRACTICE PHARMACY
250 _a22TH
260 _aDELHI
_bPHARMACEUTICAL PRESS
_c2012
300 _a1852+ INDEX
650 _aPHARMACY
942 _2ddc
_cBK
999 _c9628
_d9628